[Event "RUS-chT Blitz (Women)"]
[Site "Sochi"]
[Date "2021.10.14"]
[Round "8.2"]
[White "Maltsevskaya, Aleksandra"]
[Black "Tinina, Kristina"]
[Result "1-0"]
[WhiteElo "2411"]
[BlackElo "1751"]
[PlyCount "59"]
[EventDate "2021.10.14"]
[EventType "team-tourn (blitz)"]
[EventRounds "11"]
[EventCountry "RUS"]
[SourceTitle "CBM 204 Extra"]
[Source "ChessBase"]
[SourceDate "2021.11.30"]
[SourceVersion "1"]
[SourceVersionDate "2021.11.30"]
[SourceQuality "1"]
[WhiteTeam "Cheliabinsk Yuzhnyy Ural (W)"]
[BlackTeam "Belgorodsk Region (W)"]
[WhiteTeamCountry "RUS"]
[BlackTeamCountry "RUS"]

1. e4 c5 2. Nf3 d6 3. d4 cxd4 4. Nxd4 Nf6 5. f3 Nc6 6. c4 g6 7. Nc3 Bg7 8. Be3 Bd7 9. Be2 Rc8 10. 0-0 0-0 11. Rc1 Qa5 12. Qd2 Ne5 13. b3 Rfe8 14. Rfd1 a6 15. Bg5 Nc6 16. Nxc6 Bxc6 17. Be3 Nd7 18. Nd5 Qxd2 19. Rxd2 Bxd5 20. Rxd5 Nf8 21. Kf2 Ne6 22. g3 Red8 23. Rcd1 Kf8 24. f4 Nc7 25. R5d2 Ne6 26. Bg4 Rb8 27. f5 Nc7 28. Bb6 Rd7 29. f6 Bxf6 30. Bxd7 1-0

[Event "RUS-chT Blitz (Women)"]
[Site "Sochi"]
[Date "2021.10.14"]
[Round "10.1"]
[White "Tinina, Kristina"]
[Black "Baraeva, Irina"]
[Result "0-1"]
[WhiteElo "1751"]
[BlackElo "2223"]
[PlyCount "104"]
[EventDate "2021.10.14"]
[EventType "team-tourn (blitz)"]
[EventRounds "11"]
[EventCountry "RUS"]
[SourceTitle "CBM 204 Extra"]
[Source "ChessBase"]
[SourceDate "2021.11.30"]
[SourceVersion "1"]
[SourceVersionDate "2021.11.30"]
[SourceQuality "1"]
[WhiteTeam "Belgorodsk Region (W)"]
[BlackTeam "Krasnodar Strimershi (W)"]
[WhiteTeamCountry "RUS"]
[BlackTeamCountry "RUS"]

1. e4 e6 2. d4 d5 3. exd5 exd5 4. Nc3 Bb4 5. Nf3 Ne7 6. Bd3 Bg4 7. h3 Bh5 8. Bf4 Nbc6 9. Be3 Qd7 10. a3 Ba5 11. Qe2 Bb6 12. g4 Bg6 13. Bxg6 hxg6 14. 0-0-0 f6 15. Qd3 0-0-0 16. Kb1 Na5 17. Bf4 Nc4 18. Nd2 Nxd2+ 19. Rxd2 Ba5 20. Rdd1 g5 21. Bg3 Bxc3 22. Qxc3 Ng6 23. Qa5 Kb8 24. Rd3 Nf4 25. Rc3 Rc8 26. Bxf4 gxf4 27. Rf3 g5 28. Qc3 Rh4 29. Rd3 Rch8 30. Rdd1 Qh7 31. Qc5 Rxh3 32. Rxh3 Qxh3 33. Qxd5 Qxg4 34. Re1 a6 35. Qf7 Qf5 36. Re8+ Rxe8 37. Qxe8+ Ka7 38. Qe7 c6 39. b3 g4 40. Kb2 g3 41. fxg3 fxg3 42. d5 Qxd5 43. Qe3+ c5 44. Qxg3 f5 45. a4 Qd4+ 46. Ka2 f4 47. Qg6 f3 48. Qf5 f2 49. a5 c4 50. bxc4 Qxc4+ 51. Kb2 Qb5+ 52. Ka3 Qxf5 0-1

[Event "RUS-chT (Women)"]
[Site "Sochi"]
[Date "2020.11.28"]
[Round "9.4"]
[White "Illina, Natalia"]
[Black "Tinina, Kristina"]
[Result "1-0"]
[WhiteElo "2072"]
[BlackElo "1678"]
[PlyCount "63"]
[EventDate "2020.11.19"]
[EventType "team-swiss"]
[EventRounds "9"]
[EventCountry "RUS"]
[SourceTitle "CBM 199 Extra"]
[Source "ChessBase"]
[SourceDate "2021.01.31"]
[SourceVersion "1"]
[SourceVersionDate "2021.01.31"]
[SourceQuality "1"]
[WhiteTeam "Krym Kimmeriya (W)"]
[BlackTeam "Belgorodsk Region (W)"]
[WhiteTeamCountry "RUS"]
[BlackTeamCountry "RUS"]

1. e4 c5 2. Nf3 d6 3. d4 cxd4 4. Nxd4 Nf6 5. f3 Nc6 6. c4 e6 7. Nc3 Be7 8. Be3 a6 9. Qd2 Qc7 10. Rc1 0-0 11. Nd5 Qd8 12. Nxe7+ Qxe7 13. Be2 Rb8 14. 0-0 e5 15. Nc2 Be6 16. Rfd1 Ne8 17. Bb6 Rc8 18. Ne3 Nb8 19. c5 dxc5 20. Bd8 Qd7 21. Qxd7 Nxd7 22. Be7 Nef6 23. Bxf8 Kxf8 24. Bc4 Bxc4 25. Nxc4 b5 26. Ne3 Rc6 27. g4 Nb6 28. Nf5 Ne8 29. Rd8 g6 30. Ne3 Ke7 31. Rb8 c4 32. Rxb6 1-0